000 00644nam a2200217 a 4500
001 17175
003 CO-ViMGA
008 141112s2004 ck r 000 u spa d
020 _a9586553396
040 _aCO-ViMGA
_bspa
_cCO-ViMGA
082 0 4 _a616.8914 O764t
100 1 _aOspina, Bernarda
_924374
245 1 0 _aTecnicas de comunicación terapeutica
260 _aMedellin (Antioquia),
_cUniversidad de Antioquia,
_c2001
300 _a86.p.
590 _aForma de adquisición : Premio - Mincultura
650 1 4 _aCOMUNICACION EN PSICOLOGIA
_924375
650 1 4 _aCOMUNICACION INTERPERSONAL
_999
650 1 4 _aPSICOTERAPIA
942 _2ddc
_cBK
999 _c26756
_d26756